000 00685nam a2200265Ia 4500
001 dia_3135
003 CHAP
005 20230515141311.0
008 220117s1999 xx 000 0 und d
010 _a173633
020 _a0-8342-1620-5
040 _cCHAP
082 _a664.062 H8
100 _aHutchings, Jonh B.
_9154138
245 _aFood Color and Appearance /
_c by John B. Hutchings
250 _a2
260 _aUSA :
_b Aspen,
_c1999
300 _a610 p.
503 _aI.222285
650 _a1.Color en alimentos
_9154139
901 _a664.062 H8
902 _aM
905 _a0000001999 -USA 0000000000ENG00
942 _cLIBRO
_2ddc
999 _c173633
_d173633